Corporate restructuring : mergers, acquisitions and other forms
Na minha lista:
| Autor principal: | |
|---|---|
| Outros Autores: | , |
| Formato: | Livro |
| Publicado em: |
Mumbai :
Himalaya publishing housing,
2009
|
| Assuntos: | |
| Tags: |
Adicionar Tag
Sem tags, seja o primeiro a adicionar uma tag!
|
MARC
| LEADER | 00000nam a2200000 4500 | ||
|---|---|---|---|
| 020 | |a 9788184885828 |c TZS 7,312.5 | ||
| 040 | |a MUL |b eng. |e AACR | ||
| 082 | |a 338.83 DAS | ||
| 100 | |a Das Bhagaban | ||
| 245 | |a Corporate restructuring : |b mergers, acquisitions and other forms |c / Bhagban Das, Debdas Raskhit, Sathya Swaroop Debasish | ||
| 260 | |a Mumbai : |b Himalaya publishing housing, |c 2009 | ||
| 300 | |a xvi, 469 p. : |b ill. ; |c 24 cm. | ||
| 546 | |a eng. | ||
| 650 | |a Corporate restructuring | ||
| 700 | |a Raskhit, Debdas | ||
| 700 | |a Debasish Sathya Swaroop | ||
| 942 | |c BK | ||
| 999 | |c 8650 |d 8650 | ||